Oulun lukiot - Statistics

Yleistilastot
  • Tätä visaa on pelattu 223 kertaa
  • Keskiarvotulos 9 / 13
Vastaustilastot
Vastaus % Oikein
Oulun lyseon lukio
91%
Kastellin lukio
84%
Haukiputaan lukio
82%
Raksilan lukio
82%
Laanilan lukio
75%
Kiimingin lukio
73%
Oulunsalon lukio
73%
Oulun Suomalaisen Yhteiskoulun lukio
73%
Madetojan musiikkilukio
70%
Oulun normaalikoulun lukio
64%
Oulun steinerkoulu
41%
Oulun aikuislukio
39%
Svenska Privatskolan i Uleåborg
30%
Ehtoja vastaavia visoja ei löytynyt
Tulosjakauma
Jokaisen tuloksen saaneiden osuus
Persentiili vastausten määrän mukaan
Tuloshistoriasi
Et ole pelannut tätä visaa